000 00346nam a22001337a 4500
020 _a81-7656-843-5
082 _a004
_bKAN/I
100 _aKANETKAR, YASHAVANT
245 _aINTODUCTION TO OBJECT ORIENTED PROGRAMMING & C++
260 _aDELHI
_bBPB PUBLICATIONS
_c2008
300 _a475
650 _aCOMPUTER SCIENCE REFERENCE
_zINDIA
942 _cBK
999 _c1663
_d1663